5HLuxD.jpg

KING HENRY VIII SENIOR AND PRIMARY SCHOOL LIBRARY OPAC

Puss in boots / (Record no. 2318)

000 -LEADER
fixed length control field 00955cam a2200337 a 4500
001 - CONTROL NUMBER
control field 017193172
003 - CONTROL NUMBER IDENTIFIER
control field UkOxU
005 - DATE AND TIME OF LATEST TRANSACTION
control field 20230413113652.0
008 - FIXED-LENGTH DATA ELEMENTS--GENERAL INFORMATION
fixed length control field 041110s2005 enka j 000 1 eng
015 ## - NATIONAL BIBLIOGRAPHY NUMBER
National bibliography number GBA483977
Source bnb
020 ## - INTERNATIONAL STANDARD BOOK NUMBER
International Standard Book Number 0746064195 (hbk.) :
035 ## - SYSTEM CONTROL NUMBER
System control number (Uk)013046031
035 ## - SYSTEM CONTROL NUMBER
System control number (UkLCURL)72013046031
038 ## - RECORD CONTENT LICENSOR
Record content licensor Uk
040 ## - CATALOGING SOURCE
Original cataloging agency StDuBDS
Language of cataloging eng
Transcribing agency StDuBDS
Modifying agency Uk
-- KH8
042 ## - AUTHENTICATION CODE
Authentication code ukblsr
049 ## - LOCAL HOLDINGS (OCLC)
Local processing data b
082 04 - DEWEY DECIMAL CLASSIFICATION NUMBER
Classification number 823.92 PAT
Edition number 22
100 1# - MAIN ENTRY--PERSONAL NAME
Personal name Patchett, Fiona.
Relator term author
240 10 - UNIFORM TITLE
Uniform title Chat botté.
Language of a work English
245 10 - TITLE STATEMENT
Title Puss in boots /
Statement of responsibility, etc. retold by Fiona Patchett ; illustrated by Teri Gower.
260 ## - PUBLICATION, DISTRIBUTION, ETC.
Place of publication, distribution, etc. London :
Name of publisher, distributor, etc. Usborne,
Date of publication, distribution, etc. 2005.
300 ## - PHYSICAL DESCRIPTION
Extent 48 p. :
Other physical details col. ill. ;
Dimensions 21 cm.
500 ## - GENERAL NOTE
General note Formerly CIP.
Institution to which field applies Uk
650 ## - SUBJECT ADDED ENTRY--TOPICAL TERM
Topical term or geographic name entry element children's story
655 #7 - INDEX TERM--GENRE/FORM
Genre/form data or focus term Fairy tales.
Source of term gsafd
655 #0 - INDEX TERM--GENRE/FORM
Genre/form data or focus term Children's stories.
700 1# - ADDED ENTRY--PERSONAL NAME
Personal name Gower, Teri.
Relator term illustrator
700 1# - ADDED ENTRY--PERSONAL NAME
Personal name Perrault, Charles,
Dates associated with a name 1628-1703.
942 ## - ADDED ENTRY ELEMENTS (KOHA)
Source of classification or shelving scheme
Koha item type Books - Fiction
Holdings
Withdrawn status Lost status Source of classification or shelving scheme Damaged status Not for loan Collection code Permanent Location Current Location Shelving location Date acquired Total Checkouts Full call number Barcode Date due Date last seen Date last checked out Price effective from Koha item type
          Fiction KH8 Primary School Library KH8 Primary School Library Non Fiction 2023-04-13 14 823.92 PAT KHPL000004067 2026-04-24 2026-04-16 2026-04-16 2023-04-13 Books - Fiction

Powered By KH8 IT Dept